[Event "GBR-ch blitz (Women)"]
[Site "Birmingham"]
[Date "2019.11.16"]
[Round "5"]
[White "Mirza, Diana"]
[Black "Supatan, Dawn"]
[Result "1-0"]
[WhiteElo "1772"]
[BlackElo "1596"]
[PlyCount "39"]
[EventDate "2019.11.16"]
[EventType "tourn (blitz)"]
[EventRounds "15"]
[EventCountry "ENG"]
[SourceTitle "CBM 193 Extra"]
[Source "ChessBase"]
[SourceDate "2020.01.31"]
[SourceVersion "1"]
[SourceVersionDate "2020.01.31"]
[SourceQuality "1"]

1. d4 e6 2. Nf3 d5 3. e3 c5 4. Bd3 Nc6 5. b3 Nf6 6. 0-0 Bd6 7. Bb2 0-0 8. a3 h6 9. Nbd2 Qe7 10. Ne5 Bd7 11. f4 Bc7 12. g4 Nxe5 13. dxe5 Nh7 14. Qf3 f6 15. exf6 Nxf6 16. Qh3 Nh7 17. Nf3 Rae8 18. Ne5 Bxe5 19. Bxe5 Bc6 20. Qh5 1-0